000 00335nam a2200145Ia 4500
005 20251222143257.0
008 251222s9999||||xx |||||||||||||| ||spa||
020 _a9788420639543
082 _a302.222/D31
100 _aDavis, Flora
245 0 _aLa Comunicación no Verbal
250 _a1ra.ed.
264 _bAlianza
942 _cLIB
999 _c15178
_d15178